|
|
|
|
| LEADER |
00000nab a2200000 a 4500 |
| 001 |
vtls000448264 |
| 003 |
SK-MaSNL |
| 005 |
20260319075334.0 |
| 008 |
120926c1990 xo 0 eng |
| 015 |
|
|
|a SNBRA19rr/mm-uuuuu
|
| 035 |
|
|
|a CL0448395
|
| 040 |
|
|
|a SNKBUCL
|b slo
|c SNKBUCL
|e AACR2
|
| 041 |
0 |
|
|a slo
|
| 044 |
|
|
|a xo
|c SK
|
| 080 |
|
|
|a 621.317.33:537.633
|2 1981
|
| 080 |
|
|
|a 537.633
|2 1981
|
| 080 |
|
|
|a 621.3.011.2
|2 1981
|
| 100 |
1 |
|
|a Šefčík, K.
|4 aut
|9 972217
|
| 245 |
1 |
0 |
|a Quantized Hallresistance measurements at ČSMÚ
|c K. Šefčík, Ľ. Keszegh
|
| 300 |
|
|
|b Obr. 2., lit. 3 zázn. v angl.
|
| 650 |
0 |
7 |
|a jav kvantový Hallov
|2 snkbucl
|9 972218
|
| 650 |
0 |
7 |
|a odpor elektrický
|x efekt kvantový Hallov
|x meranie
|2 snkbucl
|9 972219
|
| 655 |
|
7 |
|a články zo zborníkov
|2 snkbucl
|9 166140
|
| 700 |
1 |
|
|a Keszegh, Ľudovít
|4 aut
|9 44785
|
| 773 |
0 |
|
|t INSYMET 90
|d Bratislava : Dom techniky, 1990
|g S. 12-13
|
| 850 |
|
|
|a Slovenská národná knižnica v Martine
|a MTA001
|
| 852 |
|
|
|a SNK
|b KIS3GCP
|
| 958 |
|
|
|a RK
|
| 992 |
|
|
|a RZB
|
| 999 |
|
|
|c 1554841
|d 1556771
|